| Tag |
First Indicator |
Second Indicator |
Subfields |
| LEADER |
00000pam a2200000 a 4500 |
| 001 |
in00000075104 |
| 005 |
20151008060312.0 |
| 008 |
810824s1982 enkb b 00110 eng |
| 010 |
|
|
|a 81038508
|
| 020 |
|
|
|a 0521239176
|
| 035 |
|
|
|a (OCoLC)07775314
|
| 035 |
|
|
|9 AAJ5504AM
|
| 039 |
0 |
|
|a 2
|b 3
|c 3
|d 3
|e 3
|
| 040 |
|
|
|a DLC
|c DLC
|d TXA
|d UtOrBLW
|
| 043 |
|
|
|a e-it---
|
| 049 |
|
|
|a TXAM
|c [1672936]
|
| 050 |
0 |
0 |
|a DG572
|b .K56
|
| 082 |
0 |
|
|a 327.45
|2 19
|
| 100 |
1 |
|
|a Knox, MacGregor.
|
| 245 |
1 |
0 |
|a Mussolini unleashed, 1939-1941 :
|b politics and strategy in fascist Italy's last war /
|c MacGregor Knox.
|
| 264 |
|
1 |
|a Cambridge ;
|a New York :
|b Cambridge University Press,
|c 1982.
|
| 300 |
|
|
|a x, 385 pages :
|b maps ;
|c 24 cm.
|
| 336 |
|
|
|a text
|b txt
|2 rdacontent
|
| 337 |
|
|
|a unmediated
|b n
|2 rdamedia
|
| 338 |
|
|
|a volume
|b nc
|2 rdacarrier
|
| 500 |
|
|
|a Includes index.
|
| 504 |
|
|
|a Bibliography: pages 368-373.
|
| 600 |
1 |
0 |
|a Mussolini, Benito,
|d 1883-1945.
|
| 650 |
|
0 |
|a Fascism
|z Italy
|x History.
|
| 650 |
|
0 |
|a World War, 1939-1945
|z Italy.
|
| 650 |
|
0 |
|a World War, 1939-1945
|x Diplomatic history.
|
| 651 |
|
0 |
|a Italy
|x Foreign relations
|y 1922-1945.
|
| 999 |
|
|
|a MARS
|
| 999 |
f |
f |
|s 8e9ae47e-f929-33e4-ba3d-62a3b9d7d124
|i fbecdf3d-94ce-3349-b388-9c320f24f8e1
|t 0
|
| 952 |
f |
f |
|p normal
|a Texas A&M University
|b College Station
|c Sterling C. Evans Library
|d Evans: Library Stacks
|t 0
|e DG572 .K56
|h Library of Congress classification
|i unmediated -- volume
|m A14806098383
|
| 998 |
f |
f |
|a DG572 .K56
|t 0
|l Evans: Library Stacks
|